000 00555nam a2200193 i 4500
001 bg
100 1 _aSobczak, Jacek
_d(1946- ).
245 1 0 _aMedia i polityka :
_bpraca zbiorowa.
_nT. 1 /
_cred. nauk. Jacek Sobczak.
260 _aPoznań-Września :
_bOficyna Wydaw. "Likon",
_c2001.
300 _a278 s. ;
_c21 cm.
650 9 _aŚrodki masowego przekazu
_zPolska
_xpolityka
020 _a8391614409
040 _cBPK
041 0 _apl
080 _a659.3(438)
920 _a83-916144-0-9
942 _cKS
008 s pl f |000 0 pol
999 _c40190
_d40190
856 _uhttp://koha.tu.koszalin.pl/cgi-bin/koha/opac-detail.pl?biblionumber=40190
_yKatalog online BPK